000 01445nam0a22003251 4500
001 rc\2224708
005 20110826164315.8
035 _a(NLR Aleph) 006544558
090 _a6673292
_c6673292
100 _a20110826d1978 |||y0rusy50 ca
101 0 _arus
102 _aRU
105 _aa z |||||
200 1 _aСтратиграфия верхнего докембрия и нижнего кембрия востока Сибирской платформы
_e(Сб. науч. тр.)
_fАН СССР, Сиб. отд-ние, Якут. фил., Ин-т геологии
_g[Отв. ред. к. г.-м. н. В.Ф. Возин]
210 _aЯкутск
_cЯФ СО АН СССР
_d1978
215 _a113 с., 3 л. ил.
_cил.
_d20
320 _aСписок лит.: с. 108-111
606 _aДокембрийские отложения
_xСтратиграфия
_yСибирская платформа
_2psbo
606 _aКембрийские отложения
_xСтратиграфия
_yСибирская платформа
_2psbo
686 _aД9(2Р54)43я43
_2rubbk
686 _aД432.14-1я43
_2rubbk
702 1 _aВозин
_bВ. Ф.
_gВалентин Федорович
_4340
712 0 2 _aИнститут геологии
_cЯкутск
801 0 _aRU
_bNLR
_gpsbo
801 1 _aRU
_bELAR
_2rusmarc
852 _aNLR
_j78-3/8880
899 _aRuMoRGB
_jБ 78-6/55
899 _aRuMoRGB
_jБ 78-6/56
942 _cBOOK
980 _aNB